000 00306nam a22001217a 4500
003 OSt
008 250210b |||||||| |||| 00| 0 eng d
041 _aeng
082 _a621.815
245 _aDesign Data
260 _aCoimbatore:
_bFaculty and Mechanical Engineering, PSG College of Technology
942 _cBK
999 _c19340
_d19340